|
|
|
|
| LEADER |
00000nam0a2200000 4500 |
| 001 |
337387 |
| 005 |
20231102004939.0 |
| 035 |
|
|
|a (RuTPU)RU\TPU\book\363855
|
| 090 |
|
|
|a 337387
|
| 100 |
|
|
|a 20171103d1961 km y0engy50 ba
|
| 101 |
0 |
|
|a eng
|
| 102 |
|
|
|a US
|
| 105 |
|
|
|a a z 001zy
|
| 200 |
1 |
|
|a Chemistry in Non-Aqueous Solvents
|f H. H. Sisler
|
| 210 |
|
|
|a New York
|a London
|c Chapmen & Hall, Ltd.
|d 1961
|
| 215 |
|
|
|a 119 p.
|c il.
|
| 320 |
|
|
|a Index: p. 113-119
|
| 606 |
1 |
|
|a Неводные растворы
|2 stltpush
|3 (RuTPU)RU\TPU\subj\70691
|9 84896
|
| 610 |
1 |
|
|a химия
|
| 610 |
1 |
|
|a химические реакции
|
| 610 |
1 |
|
|a растворители
|
| 610 |
1 |
|
|a жидкий аммиак
|
| 610 |
1 |
|
|a серная кислота
|
| 610 |
1 |
|
|a химические соединения
|
| 610 |
1 |
|
|a растворимость
|
| 610 |
1 |
|
|a формулы
|
| 610 |
1 |
|
|a английский язык
|
| 675 |
|
|
|a 544.355
|v 4
|
| 700 |
|
1 |
|a Sisler
|b H. H.
|g Harry H.
|
| 801 |
|
1 |
|a RU
|b 63413507
|c 20171103
|
| 801 |
|
2 |
|a RU
|b 63413507
|c 20210127
|g RCR
|
| 942 |
|
|
|c BK
|